Barron's SAT/ (Record no. 30656)

MARC details
000 -LEADER
fixed length control field 01058nam a22002537a 4500
005 - DATE AND TIME OF LATEST TRANSACTION
control field 20090924120418.0
008 - FIXED-LENGTH DATA ELEMENTS--GENERAL INFORMATION
fixed length control field 090519t xxu||||| |||| 00| 0 eng d
010 ## - LCCN (DPL NO)
LC control number B-358734
020 ## - INTERNATIONAL STANDARD BOOK NUMBER
International Standard Book Number 9788175156043
Terms of availability 400.00
035 ## - SYSTEM CONTROL NUMBER
System control number B-358734
037 ## - SOURCE OF ACQUISITION
Source of stock number/acquisition Galgotia Publications
040 ## - CATALOGING SOURCE
Original cataloging agency dpl
Language of cataloging English
082 ## - DEWEY DECIMAL CLASSIFICATION NUMBER
Classification number 000
100 ## - MAIN ENTRY--PERSONAL NAME
Personal name Green, Sharon Weiner
245 ## - TITLE STATEMENT
Title Barron's SAT/
Statement of responsibility, etc by Sharon Weiner Green [and] Ira K. Wolf
250 ## - EDITION STATEMENT
Edition statement 24th ed.
260 ## - PUBLICATION, DISTRIBUTION, ETC. (IMPRINT)
Place of publication, distribution, etc New Delhi
Name of publisher, distributor, etc Galgotia Publications
Date of publication, distribution, etc 2010 (repr.)
270 ## - ADDRESS
Address 5, Ansari Road, Darya Ganj
City New Delhi
State or province Delhi
Postal code 110002
300 ## - PHYSICAL DESCRIPTION
Extent xiv, 920,48p.
Dimensions 27cm. (pbk)
Accompanying material CD-ROM
700 ## - ADDED ENTRY--PERSONAL NAME
Personal name Wolf, Ira K.
942 ## - ADDED ENTRY ELEMENTS (KOHA)
Institution code [OBSOLETE] dpl
Item type English Books
Source of classification or shelving scheme Dewey Decimal Classification
Classification part 000
Call number suffix GRE
Holdings
Withdrawn status Lost status Source of classification or shelving scheme Damaged status Not for loan Collection code Home library Current library Date acquired Source of acquisition Cost, normal purchase price Total Checkouts Total Renewals Full call number Barcode Date last seen Copy number Cost, replacement price Koha item type
Withdrawn   Dewey Decimal Classification     Non-fiction Janak Puri Janak Puri 24/09/2009 Galgotia/0001061/15.9.09/95/4.9.09/19.9.09 400.00 17 8 000 GRE B-358734 04/06/2014 1 400.00 English Books

© Delhi Public Library
Hit Counter
free hit counter